|
|
|
|
| LEADER |
01046nam a2200253 a 4500 |
| 001 |
c000167585 |
| 003 |
CARM |
| 005 |
20030806120026.0 |
| 008 |
820607r19801592ne ab 000 0 eng d |
| 019 |
1 |
|
|a 2280594
|5 LACONCORD2021
|
| 035 |
|
|
|a (OCoLC)219963011
|5 LACONCORD2021
|
| 040 |
|
|
|a D2035
|b eng
|c D2035
|d ABN-SNR
|
| 082 |
0 |
4 |
|a 912/.4023
|
| 100 |
1 |
|
|a Waghenaer, Lucas Jansz.
|q (Lucas Janszoon)
|
| 245 |
1 |
0 |
|a Thresoor der zeevaert /
|c Lucas Jansz Waghenaer ; with an introduction by R.A. Skelton.
|
| 260 |
|
|
|a Amsterdam :
|b Van Hoeve,
|c 1980.
|
| 300 |
|
|
|a xv, lxi, 204p. :
|b ill., maps.
|
| 500 |
|
|
|a Facsimile of the 1592 edition published in Leyden.
|
| 650 |
|
0 |
|a Nautical charts
|z Europe.
|
| 650 |
|
0 |
|a Navigation
|y Early works to 1800
|x Facsimiles.
|
| 700 |
1 |
|
|a Skelton, R. A.
|q (Raleigh Ashlin),
|d 1906-1970.
|
| 852 |
8 |
|
|b CARM
|h A3:AE33E0
|i E01393
|p 0232405
|f BK
|
| 999 |
f |
f |
|i c01db725-9412-5198-94c6-a3534c465680
|s 2eedbabb-e402-528e-b0ff-e308aecb68cd
|
| 952 |
f |
f |
|p Can circulate
|a CAVAL
|b CAVAL
|c CAVAL
|d CARM 1 Store
|e E01393
|f A3:AE33E0
|h Other scheme
|i book
|m 0232405
|